[Event "Obert Internacional Artur Pomar 2018"]
[Site "Palma de Mallorca ESP"]
[Date "2018.11.29"]
[Round "4.24"]
[White "Ramon Sanchez Campins, Pedro"]
[Black "Tarini, Jagadeesh"]
[Result "1-0"]
[WhiteElo "1744"]
[BlackElo "1016"]
[PlyCount "49"]
[EventDate "2018.11.26"]
[EventType "swiss"]
[EventRounds "7"]
[EventCountry "ESP"]
[SourceTitle "Ajedrez en Madrid"]
[Source "lmi"]
[SourceDate "2018.02.26"]
[SourceVersion "1"]
[SourceVersionDate "2019.07.15"]
[SourceQuality "1"]

1. d4 d5 2. Nf3 Nf6 3. g3 e6 4. Bg2 c6 5. O-O Bd6 6. b3 Nbd7 7. Bb2 O-O 8. Nbd2
Re8 9. Ne5 h6 10. c4 Qc7 11. f4 Nh7 12. Rc1 Nxe5 13. fxe5 Bb4 14. cxd5 exd5 15.
Bxd5 Bxd2 16. Rxf7 Qa5 17. Rc5 Be3+ 18. Kg2 Qd2 19. Qf1 Kh8 20. Rxg7 cxd5 21.
Rxh7+ Kxh7 22. Qf7+ Kh8 23. Qxe8+ Kg7 24. Rc7+ Bd7 25. Rxd7# 1-0

[Event "Obert Internacional Artur Pomar 2018"]
[Site "Palma de Mallorca ESP"]
[Date "2018.11.30"]
[Round "5.1"]
[White "Aroshidze, Levan"]
[Black "Zubov, Alexander"]
[Result "1/2-1/2"]
[WhiteElo "2514"]
[BlackElo "2597"]
[PlyCount "26"]
[EventDate "2018.11.26"]
[EventType "swiss"]
[EventRounds "7"]
[EventCountry "ESP"]
[SourceTitle "Ajedrez en Madrid"]
[Source "lmi"]
[SourceDate "2018.02.26"]
[SourceVersion "1"]
[SourceVersionDate "2019.07.15"]
[SourceQuality "1"]

1. e4 c5 2. Nf3 d6 3. d4 cxd4 4. Nxd4 Nf6 5. Nc3 a6 6. f3 Qb6 7. g4 e6 8. a3 h6
9. Be3 Nc6 10. Qd2 Qc7 11. O-O-O Nxd4 12. Bxd4 e5 13. Be3 Be6 1/2-1/2

[Event "Obert Internacional Artur Pomar 2018"]
[Site "Palma de Mallorca ESP"]
[Date "2018.11.30"]
[Round "5.2"]
[White "Nagy, Gabor"]
[Black "Juan Mas, Santiago"]
[Result "1-0"]
[WhiteElo "2464"]
[BlackElo "2041"]
[PlyCount "47"]
[EventDate "2018.11.26"]
[EventType "swiss"]
[EventRounds "7"]
[EventCountry "ESP"]
[SourceTitle "Ajedrez en Madrid"]
[Source "lmi"]
[SourceDate "2018.02.26"]
[SourceVersion "1"]
[SourceVersionDate "2019.07.15"]
[SourceQuality "1"]

1. Nf3 d5 2. c4 d4 3. e3 c5 4. b4 g6 5. exd4 cxd4 6. d3 Bg7 7. g3 Nf6 8. Bg2
O-O 9. O-O Bg4 10. h3 Bxf3 11. Qxf3 Nc6 12. b5 Ne5 13. Qxb7 Rc8 14. Rd1 Qa5 15.
Qxe7 Rfe8 16. Qa3 Nxc4 17. Qxa5 Nxa5 18. Bd2 Nc4 19. dxc4 Rxc4 20. Ba5 Rc2 21.
Nd2 Re2 22. Bf1 d3 23. Bxe2 dxe2 24. Rdc1 1-0

[Event "Obert Internacional Artur Pomar 2018"]
[Site "Palma de Mallorca ESP"]
[Date "2018.11.30"]
[Round "5.3"]
[White "Gretarsson, Helgi Ass"]
[Black "Vasquez Schroeder, Rodrigo"]
[Result "1/2-1/2"]
[WhiteElo "2436"]
[BlackElo "2490"]
[PlyCount "64"]
[EventDate "2018.11.26"]
[EventType "swiss"]
[EventRounds "7"]
[EventCountry "ESP"]
[SourceTitle "Ajedrez en Madrid"]
[Source "lmi"]
[SourceDate "2018.02.26"]
[SourceVersion "1"]
[SourceVersionDate "2019.07.15"]
[SourceQuality "1"]

1. d4 Nf6 2. c4 e6 3. Nf3 c5 4. d5 d6 5. Nc3 exd5 6. cxd5 g6 7. e4 a6 8. h3 b5
9. Bd3 Bg7 10. O-O c4 11. Bc2 O-O 12. a3 Bb7 13. Bf4 Re8 14. Qd2 Qb6 15. Be3
Qc7 16. Bd4 Nbd7 17. Nh2 Re7 18. Rad1 Rae8 19. Ng4 Nxg4 20. hxg4 Bxd4 21. Qxd4
Qc5 22. g5 Qxd4 23. Rxd4 Nc5 24. f4 Bc8 25. Kf2 Kg7 26. Rh1 Bd7 27. Kf3 Bc8 28.
Nd1 Nd7 29. g4 f6 30. gxf6+ Nxf6 31. g5 Nd7 32. Bb1 Nc5 1/2-1/2

[Event "Obert Internacional Artur Pomar 2018"]
[Site "Palma de Mallorca ESP"]
[Date "2018.11.30"]
[Round "5.4"]
[White "Pogorelov, Ruslan"]
[Black "Kjartansson, Gudmundur"]
[Result "0-1"]
[WhiteElo "2347"]
[BlackElo "2423"]
[PlyCount "56"]
[EventDate "2018.11.26"]
[EventType "swiss"]
[EventRounds "7"]
[EventCountry "ESP"]
[SourceTitle "Ajedrez en Madrid"]
[Source "lmi"]
[SourceDate "2018.02.26"]
[SourceVersion "1"]
[SourceVersionDate "2019.07.15"]
[SourceQuality "1"]

1. Nf3 Nf6 2. c4 b6 3. g3 Bb7 4. Bg2 g6 5. O-O Bg7 6. Nc3 O-O 7. d4 Ne4 8. Qc2
Nxc3 9. bxc3 Nc6 10. Nd2 Na5 11. Bxb7 Nxb7 12. e4 e5 13. Nf3 d6 14. Be3 Na5 15.
Qd3 Qe8 16. Nd2 c5 17. Nb3 Nc6 18. d5 Nb8 19. f4 exf4 20. gxf4 f5 21. Nd2 Nd7
22. Rae1 Qf7 23. Bf2 Rae8 24. Bh4 Bf6 25. Bxf6 Qxf6 26. exf5 gxf5 27. Kh1 Kh8
28. Nf3 h6 0-1

[Event "Obert Internacional Artur Pomar 2018"]
[Site "Palma de Mallorca ESP"]
[Date "2018.11.30"]
[Round "5.5"]
[White "Alonso Bouza, Julio Javier"]
[Black "Nikolaev, Leonid"]
[Result "1-0"]
[WhiteElo "2396"]
[BlackElo "2284"]
[PlyCount "93"]
[EventDate "2018.11.26"]
[EventType "swiss"]
[EventRounds "7"]
[EventCountry "ESP"]
[SourceTitle "Ajedrez en Madrid"]
[Source "lmi"]
[SourceDate "2018.02.26"]
[SourceVersion "1"]
[SourceVersionDate "2019.07.15"]
[SourceQuality "1"]

1. e4 c5 2. Nf3 d6 3. d4 cxd4 4. Nxd4 Nf6 5. Nc3 g6 6. Be3 Bg7 7. f3 O-O 8. Bc4
Nc6 9. Bb3 Qa5 10. Qd2 Nxd4 11. Bxd4 Be6 12. O-O b5 13. Rfe1 Nd7 14. Bxg7 Kxg7
15. Qd4+ Kg8 16. Bxe6 fxe6 17. b4 Qb6 18. Qxb6 Nxb6 19. Nxb5 Rfc8 20. a4 Rxc2
21. a5 Nd7 22. Rec1 Rxc1+ 23. Rxc1 a6 24. Rc7 Ne5 25. Nd4 Kf7 26. f4 Nd3 27.
Nc6 Nxf4 28. Nxe7 Kf6 29. Nc6 d5 30. g3 Nd3 31. exd5 exd5 32. Kf1 Ne5 33. Ke2
Nxc6 34. Rxc6+ Ke5 35. Kd3 Ra7 36. h4 Ra8 37. Rc7 Rf8 38. Re7+ Kf5 39. Rxh7 Rb8
40. Rf7+ Kg4 41. Rf6 Rxb4 42. Rxg6+ Kh3 43. h5 Rb1 44. h6 Rd1+ 45. Kc2 Rh1 46.
Rxa6 Kxg3 47. Rg6+ 1-0

[Event "Obert Internacional Artur Pomar 2018"]
[Site "Palma de Mallorca ESP"]
[Date "2018.11.30"]
[Round "5.7"]
[White "Damia, Angelo"]
[Black "Mascaro March, Pedro"]
[Result "1/2-1/2"]
[WhiteElo "2276"]
[BlackElo "2362"]
[PlyCount "42"]
[EventDate "2018.11.26"]
[EventType "swiss"]
[EventRounds "7"]
[EventCountry "ESP"]
[SourceTitle "Ajedrez en Madrid"]
[Source "lmi"]
[SourceDate "2018.02.26"]
[SourceVersion "1"]
[SourceVersionDate "2019.07.15"]
[SourceQuality "1"]

1. c4 Nf6 2. Nc3 c5 3. e4 d6 4. Nf3 Nc6 5. d4 cxd4 6. Nxd4 g6 7. Be2 Nxd4 8.
Qxd4 Bg7 9. Be3 O-O 10. Qd2 a5 11. f3 a4 12. O-O Qa5 13. Rac1 Be6 14. Rfd1 Rfc8
15. Nd5 Qxd2 16. Bxd2 Bxd5 17. cxd5 Nd7 18. Rxc8+ Rxc8 19. Rc1 Nc5 20. Rc2 Bd4+
21. Kf1 Ra8 1/2-1/2

[Event "Obert Internacional Artur Pomar 2018"]
[Site "Palma de Mallorca ESP"]
[Date "2018.11.30"]
[Round "5.8"]
[White "Szabo, Bence"]
[Black "Aderito, Pedro"]
[Result "1/2-1/2"]
[WhiteElo "2373"]
[BlackElo "2262"]
[PlyCount "71"]
[EventDate "2018.11.26"]
[EventType "swiss"]
[EventRounds "7"]
[EventCountry "ESP"]
[SourceTitle "Ajedrez en Madrid"]
[Source "lmi"]
[SourceDate "2018.02.26"]
[SourceVersion "1"]
[SourceVersionDate "2019.07.15"]
[SourceQuality "1"]

1. Nf3 e6 2. g3 f5 3. Bg2 Nf6 4. O-O Be7 5. b3 O-O 6. Bb2 d6 7. d4 Qe8 8. Nbd2
Qh5 9. Re1 d5 10. Ne5 Nbd7 11. Nd3 g5 12. f3 Qh6 13. e4 f4 14. exd5 Nxd5 15.
Nf1 c6 16. c4 Nc7 17. Qd2 fxg3 18. hxg3 Bf6 19. Nf2 Qg6 20. Qd3 Qxd3 21. Nxd3
Bg7 22. Rad1 h6 23. Re2 Rd8 24. Nh2 Nf8 25. Ng4 Ne8 26. Nge5 Nd6 27. g4 Nf7 28.
Nxf7 Kxf7 29. Ne5+ Kg8 30. f4 gxf4 31. Rf1 Nd7 32. Ng6 Nf8 33. Nxf8 Rxf8 34.
Ref2 e5 35. dxe5 Bxg4 36. Rxf4 1/2-1/2

[Event "Obert Internacional Artur Pomar 2018"]
[Site "Palma de Mallorca ESP"]
[Date "2018.11.30"]
[Round "5.9"]
[White "Julio, Joao Manuel Dos San"]
[Black "Minzer, Claudio Javier"]
[Result "0-1"]
[WhiteElo "2096"]
[BlackElo "2437"]
[PlyCount "62"]
[EventDate "2018.11.26"]
[EventType "swiss"]
[EventRounds "7"]
[EventCountry "ESP"]
[SourceTitle "Ajedrez en Madrid"]
[Source "lmi"]
[SourceDate "2018.02.26"]
[SourceVersion "1"]
[SourceVersionDate "2019.07.15"]
[SourceQuality "1"]

1. e4 c5 2. Nf3 Nc6 3. d4 cxd4 4. Nxd4 Nf6 5. Nc3 d6 6. Be2 g6 7. Be3 Bg7 8. h4
h5 9. f3 Bd7 10. Qd2 Rc8 11. Nxc6 bxc6 12. a4 a5 13. Rd1 Qc7 14. O-O O-O 15.
Bc4 Rfd8 16. Bb3 Rb8 17. Bg5 Be8 18. Qe1 Nh7 19. Be3 e6 20. Kh1 c5 21. Qe2 Bf6
22. f4 c4 23. Bxc4 Rxb2 24. e5 Rb4 25. Bb5 Qxc3 26. Bd2 Bxb5 27. axb5 Qxc2 28.
exf6 Nxf6 29. Rc1 Qb2 30. Qe3 Nd5 31. Qe1 Rxb5 0-1

[Event "Obert Internacional Artur Pomar 2018"]
[Site "Palma de Mallorca ESP"]
[Date "2018.11.30"]
[Round "5.10"]
[White "Sayrol Clols, Josep Maria"]
[Black "Tattersall Rodriguez, Lester"]
[Result "0-1"]
[WhiteElo "2073"]
[BlackElo "2258"]
[PlyCount "66"]
[EventDate "2018.11.26"]
[EventType "swiss"]
[EventRounds "7"]
[EventCountry "ESP"]
[SourceTitle "Ajedrez en Madrid"]
[Source "lmi"]
[SourceDate "2018.02.26"]
[SourceVersion "1"]
[SourceVersionDate "2019.07.15"]
[SourceQuality "1"]

1. e4 c5 2. c3 Nf6 3. e5 Nd5 4. d4 cxd4 5. cxd4 e6 6. a3 d6 7. Nf3 Nc6 8. Be2
dxe5 9. dxe5 Qc7 10. O-O Nxe5 11. Nxe5 Qxe5 12. Bb5+ Bd7 13. Bxd7+ Kxd7 14. Nc3
Bd6 15. f4 Qf5 16. Qa4+ Ke7 17. Nxd5+ Qxd5 18. Be3 Rhc8 19. f5 Rc4 20. Qd1 Qe5
21. Qd3 Qxh2+ 22. Kf2 Qg3+ 23. Ke2 Qxg2+ 24. Rf2 Qg4+ 25. Kf1 Qe4 26. Qb3 Qh1+
27. Ke2 Qc6 28. fxe6 fxe6 29. Rg1 g6 30. Rd1 Rc2+ 31. Kd3 Rxf2 32. Bxf2 Qf3+
33. Be3 Rc8 0-1

[Event "Obert Internacional Artur Pomar 2018"]
[Site "Palma de Mallorca ESP"]
[Date "2018.11.30"]
[Round "5.12"]
[White "Planas Gene, Juan"]
[Black "Sauleda Roig, Jaume"]
[Result "0-1"]
[WhiteElo "1998"]
[BlackElo "2162"]
[PlyCount "46"]
[EventDate "2018.11.26"]
[EventType "swiss"]
[EventRounds "7"]
[EventCountry "ESP"]
[SourceTitle "Ajedrez en Madrid"]
[Source "lmi"]
[SourceDate "2018.02.26"]
[SourceVersion "1"]
[SourceVersionDate "2019.07.15"]
[SourceQuality "1"]

1. d4 f5 2. c4 Nf6 3. Nf3 e6 4. g3 d5 5. Bg2 c6 6. O-O Bd6 7. b3 Qe7 8. Bb2 O-O
9. Qc2 Bd7 10. Nbd2 Be8 11. Ne5 Bh5 12. f3 Nbd7 13. Rae1 Nxe5 14. dxe5 Bc5+ 15.
Kh1 Nd7 16. e4 f4 17. exd5 cxd5 18. cxd5 Bg6 19. Qc4 b5 20. Qxb5 Rab8 21. d6
Qe8 22. Qe2 fxg3 23. hxg3 Bd3 0-1

[Event "Obert Internacional Artur Pomar 2018"]
[Site "Palma de Mallorca ESP"]
[Date "2018.11.30"]
[Round "5.13"]
[White "Amengual Perello, Jordi"]
[Black "Lazarte Anello, David Emiliano"]
[Result "0-1"]
[WhiteElo "1913"]
[BlackElo "2097"]
[PlyCount "84"]
[EventDate "2018.11.26"]
[EventType "swiss"]
[EventRounds "7"]
[EventCountry "ESP"]
[SourceTitle "Ajedrez en Madrid"]
[Source "lmi"]
[SourceDate "2018.02.26"]
[SourceVersion "1"]
[SourceVersionDate "2019.07.15"]
[SourceQuality "1"]

1. Nf3 c5 2. c4 Nc6 3. Nc3 g6 4. e3 Bg7 5. d4 Nf6 6. d5 Na5 7. e4 d6 8. h3 O-O
9. Be2 e5 10. a3 b6 11. b4 Nb7 12. g4 Ne8 13. Bg5 f6 14. Bh4 Bd7 15. b5 Qc8 16.
Nd2 Kh8 17. Bg3 f5 18. f3 a6 19. a4 Qd8 20. h4 axb5 21. axb5 Rxa1 22. Qxa1 fxg4
23. fxg4 Nf6 24. Qa7 Bc8 25. g5 Nh5 26. Bxh5 gxh5 27. Na4 h6 28. Nxb6 hxg5 29.
Nxc8 Qxc8 30. hxg5 Qg4 31. Bf2 Qxg5 32. Qa3 Bh6 33. Qd3 Qxd2+ 34. Qxd2 Bxd2+
35. Kxd2 Rxf2+ 36. Ke3 Ra2 37. Rxh5+ Kg7 38. Rg5+ Kf7 39. Rh5 Ra3+ 40. Ke2 Nd8
41. Rh7+ Ke8 42. Rc7 Rc3 0-1